| Tag |
First Indicator |
Second Indicator |
Subfields |
| LEADER |
00000cam a2200000Ia 4500 |
| 001 |
in00002628921 |
| 005 |
20190329175601.0 |
| 006 |
m d |
| 007 |
cr un||||||auu |
| 008 |
100521s2002 caua ob 101 0 eng d |
| 020 |
|
|
|a 9781583815915
|
| 020 |
|
|
|a 1583815910
|
| 020 |
|
|
|z 1583810951
|
| 020 |
|
|
|z 9781583810958
|
| 035 |
|
|
|a (OCoLC)ocn625017527
|
| 035 |
|
|
|a (OCoLC)625017527
|
| 040 |
|
|
|a OCLCE
|b eng
|c OCLCE
|d TXA
|d UtOrBLW
|
| 042 |
|
|
|a dlr
|
| 049 |
|
|
|a TXAM
|
| 050 |
|
4 |
|a QB858.3
|b .M39 2002eb
|
| 082 |
0 |
4 |
|a 523.1/12
|2 21
|
| 084 |
|
|
|a 39.40
|2 bcl
|
| 245 |
0 |
0 |
|a Mass outflow in active galactic nuclei :
|b new perspectives : proceedings of a workshop held at the Catholic University of America, Washington, D.C., USA, 8-10 March 2001 /
|c edited by D. Michael Crenshaw, Steven B. Kraemer, and Ian M. George.
|
| 250 |
|
|
|a 1st ed.
|
| 264 |
|
1 |
|a San Francisco, Calif. :
|b Astronomical Society of the Pacific,
|c [2002]
|
| 264 |
|
4 |
|c ©2002
|
| 300 |
|
|
|a 1 online resource (xvii, 345 pages) :
|b illustrations (some color)
|
| 336 |
|
|
|a text
|b txt
|2 rdacontent
|
| 337 |
|
|
|a computer
|b c
|2 rdamedia
|
| 338 |
|
|
|a online resource
|b cr
|2 rdacarrier
|
| 490 |
1 |
|
|a Astronomical Society of the Pacific conference series ;
|v v. 255
|
| 504 |
|
|
|a Includes bibliographical references and index.
|
| 588 |
|
|
|a Description based on print version record.
|
| 500 |
|
|
|a Electronic resource.
|
| 650 |
|
0 |
|a Active galactic nuclei
|v Congresses.
|
| 650 |
|
0 |
|a Bipolar outflows (Astrophysics)
|v Congresses.
|
| 650 |
|
6 |
|a Noyaux actifs de galaxies
|v Congrès.
|
| 650 |
1 |
7 |
|a Actieve sterrenstelsels.
|2 gtt
|
| 700 |
1 |
|
|a Crenshaw, Daniel Michael,
|d 1957-
|
| 700 |
1 |
|
|a Kraemer, Steven B.
|
| 700 |
1 |
|
|a George, Ian M.
|q (Ian Michael),
|d 1963-
|
| 776 |
1 |
|
|c Original
|w (DLC) 2002100147
|w (OCoLC)49748721
|
| 830 |
|
0 |
|a Astronomical Society of the Pacific conference series ;
|v v. 255.
|
| 856 |
4 |
0 |
|u http://proxy.library.tamu.edu/login?url=http://aspbooks.org/a/volumes/table_of_contents/255
|z Connect to the full text of this electronic book
|t 0
|
| 994 |
|
|
|a C0
|b TXA
|
| 948 |
|
|
|a cataloged
|b h
|c 2010/9/15
|d c
|e agaffey
|f 4:25:51 pm
|
| 999 |
|
|
|a MARS
|
| 999 |
f |
f |
|s 07028c5f-da21-3ca3-a89e-84f4ea2f226f
|i 8b8b2616-acf1-3022-a9d7-650653b78d9d
|t 0
|
| 952 |
f |
f |
|a Texas A&M University
|b College Station
|c Electronic Resources
|d Available Online
|t 0
|e QB858.3 .M39 2002eb
|h Library of Congress classification
|
| 998 |
f |
f |
|a QB858.3 .M39 2002eb
|t 0
|l Available Online
|